000 00605nam a22002177a 4500
003 UA-OsUOA
001 53316
007 ta
008 20080327b un ||||| |||| 00| 0 ukr d
100 _aМахінчук М.
090 _a94(477)
_bМ-12
942 _cSA
040 _aUA-OsUOA
_bukr
_cUA-OsUOA
_dUA-OsUOA
245 _aСкорботний біль і пам'ятка живим\Про голодомор 1932-1933 рр.
300 _aС.8-9
955 _a0
041 _aukr
080 _a94(477)
773 0 _w53315
650 7 _a9 Географія. Біографії. Історія
_2UDC
999 _c339408
_d339408